Science as Social Existence: Heidegger and the Sociology of Scientific Knowledge (Record no. 25268)
[ view plain ]
| 000 -LEADER | |
|---|---|
| fixed length control field | 00538nam a2200121Ia 4500 |
| 008 - FIXED-LENGTH DATA ELEMENTS--GENERAL INFORMATION | |
| fixed length control field | 220620s9999||||xx |||||||||||||| ||und|| |
| 100 ## - MAIN ENTRY--PERSONAL NAME | |
| Personal name | Kochan, Jeff |
| 245 #0 - TITLE STATEMENT | |
| Title | Science as Social Existence: Heidegger and the Sociology of Scientific Knowledge |
| 546 ## - LANGUAGE NOTE | |
| Language note | English[eng] |
| 650 ## - SUBJECT ADDED ENTRY--TOPICAL TERM | |
| Topical term or geographic name entry element | Science and Technology Studies||existential conception of science||philosophy of science||sociology of scientific knowledge||Martin Heidegger||social science||history of science |
| 856 ## - ELECTRONIC LOCATION AND ACCESS | |
| Uniform Resource Identifier | <a href="https://www.openbookpublishers.com/reader/670">https://www.openbookpublishers.com/reader/670</a> |
| 942 ## - ADDED ENTRY ELEMENTS (KOHA) | |
| Koha item type | E-Books |
| Withdrawn status | Lost status | Damaged status | Not for loan | Home library | Current library | Date acquired | Total Checkouts | Date last seen | Price effective from | Koha item type |
|---|---|---|---|---|---|---|---|---|---|---|
| Kerala University of Digital Sciences, Innovation and Technology Knowledge Centre | Kerala University of Digital Sciences, Innovation and Technology Knowledge Centre | 20/06/2022 | 20/06/2022 | 20/06/2022 | E-Books |